Planets of our Solar System - Statistics

General Stats
  • This quiz has been taken 47 times
  • The average score is 8 of 8
Answer Stats
Picture Answer % Correct
Earth
100%
Mars
100%
Saturn
98%
Uranus
98%
Neptune
95%
Venus
95%
Jupiter
93%
Mercury
90%
No matching quizzes found
Score Distribution
Percent of People with Each Score
Percentile by Number Answered
Your Score History
You have not taken this quiz